Miasta w Polsce powyżej 100 tys. mieszkańców - Statystyki

Ogólne statystyki
  • Ten quiz został rozwiązany 127 razy
  • Średni wynik to 28 z 36
Statystyki odpowiedzi
Hint Odpowiedź % Poprawnych
807 644 Kraków
100%
1 862 402 Warszawa
100%
648 711 Łódź
96%
487 834 Gdańsk
95%
536 818 Poznań
95%
387 700 Szczecin
95%
673 531 Wrocław
95%
240 554 Gdynia
94%
278 090 Katowice
94%
290 907 Białystok
93%
324 984 Bydgoszcz
90%
328 868 Lublin
90%
194 273 Toruń
89%
181 211 Kielce
84%
194 916 Radom
84%
126 077 Opole
83%
138 887 Zielona Góra
83%
204 730 Częstochowa
81%
166 697 Olsztyn
78%
114 567 Gorzów Wielkopolski
76%
153 067 Zabrze
75%
105 143 Koszalin
73%
185 930 Sosnowiec
73%
169 259 Gliwice
72%
165 127 Bielsko-Biała
69%
100 012 Chorzów
67%
110 495 Płock
66%
129 531 Ruda Śląska
64%
146 922 Bytom
63%
103 129 Tarnów
63%
121 472 Tychy
61%
112 445 Elbląg
60%
197 706 Rzeszów
59%
130 373 Rybnik
58%
112 876 Dąbrowa Górnicza
55%
100 125 Włocławek
47%
Nie znaleziono quizów pasujących do podanych kryteriów
Rozkład punktacji
Procent ludzi z każdym wynikiem
Percentyl według liczby udzielonych odpowiedzi
Twoja historia wyników
Nie rozwiązałeś tego quizu